| 000 | 00428nam a2200193Ia 4500 | ||
|---|---|---|---|
| 005 | 20250425161258.0 | ||
| 008 | 250425s9999 xx 000 0 und d | ||
| 041 | _aspa | ||
| 082 | _a658.009 | ||
| 100 | _aURWICK, L. | ||
| 245 | 0 | _aLA HISTORIA DEL MANAGEMENT | |
| 250 | _a1A ED. | ||
| 260 | _aBARCELONA | ||
| 260 |
_aEspaƱa _bOIKOS-TAU _c1970 |
||
| 300 | _a196 | ||
| 650 | _aGESTION | ||
| 942 | _c01 | ||
| 010 | _a16741 | ||
| 999 |
_c206002 _d206002 |
||